Philadelphia 76ers Best Team By Decade - Statistics

General Stats
  • This quiz has been taken 101 times
  • The average score is 17 of 38
Answer Stats
Season Player % Correct
2017-18, 2020-21 Joel Embiid
99%
2000-01 Allen Iverson
98%
2017-18, 2020-21 Ben Simmons
94%
1982-83 Julius Erving
94%
1976-77 Julius Erving
94%
1982-83 Moses Malone
87%
2020-21 Tobias Harris
82%
1966-67 Wilt Chamberlain
77%
1989-90 Charles Barkley
76%
2000-01 Dikembe Mutombo
73%
1982-83 Maurice Cheeks
68%
1954-55 Dolph Schayes
67%
1966-67 Hal Greer
66%
1976-77 Caldwell Jones
61%
1966-67 Wali Jones
61%
2000-01 Eric Snow
52%
2017-18 J.J. Redick
50%
2020-21 Danny Green
45%
2017-18 Robert Covington
39%
1982-83 Andrew Toney
34%
1989-90 Hersey Hawkins
34%
1989-90 Johnny Dawkins
34%
1966-67 Luke Jackson
34%
2020-21 Seth Curry
34%
2017-18 Dario Šarić
30%
1976-77 George McGinnis
21%
1976-77 Doug Collins
17%
1966-67 Chet Walker
16%
2000-01 Tyrone Hill
16%
2000-01 George Lynch
11%
1982-83 Marc Iavaroni
11%
1989-90 Rick Mahorn
10%
1989-90 Mike Gminski
7%
1954-55 George King
6%
1976-77 Henry Bibby
6%
1954-55 Paul Seymour
6%
1954-55 Earl Lloyd
1%
1954-55 Red Rocha
1%
No matching quizzes found
Score Distribution
Percent of People with Each Score
Percentile by Number Answered
Your Score History
You have not taken this quiz